000 00816nam a22002057a 4500
999 _c17758
_d17758
003 AR-CdUCM
008 190509b ||||| |||| 00| 0 spa d
040 _aMUNICIPALIDAD PROVINCIAL DEL CUSCO
_cBIBLIOTECA MUNICIPAL DEL CUSCO
082 _a376.51 /
_bR14
100 _aRada, José Jacinto
_937932
245 _aVisión de la Universidad Mayor de San Marcos /
260 _aRio de Janeiro :
_bWeiszfeld,
_c1951.
300 _a62 páginas ;
_c21 cm.
505 _aContenido: La fundación real y pontificia -- Cuatrocientos años luminosos -- Misión y destino -- El fundador los jesuitas -- El virrey Toledo y los dominicos...
650 _aHistoria
_9136
650 _aFundación de la universidad
_937933
650 _aUniversidad Mayor de San Marcos
_937934
942 _2ddc
_cLIBROS
945 _aacv
_d2019-05-09